FIFA World Cup A-Z - Statistics

General Stats
  • This quiz has been taken 43 times
  • The average score is 20 of 26
Answer Stats
AZ Question Answer % Correct
A Which country is the only one to have won exactly three World Cup titles and is also the current champion? Argentina
100%
B Which country holds the record for the most World Cup titles? Brazil
100%
G Which country holds the record for the biggest victory in a World Cup semi-final? (1-7) Germany
97%
Q Which country hosted the 2022 World Cup? Qatar
97%
U Which country won the first World Cup in 1930? Uruguay
95%
R Which player has scored in five different World Cups? Cristiano Ronaldo
92%
E Which country won the World Cup as the host nation in 1966? England
92%
I Who won the 2006 World Cup in Germany? Italy
92%
N Which country has reached the World Cup final three times but never won the title? Netherlands
92%
S Which country hosted the 2010 FIFA World Cup? South Africa
92%
H Which country holds the record for the biggest win in World Cup history, defeating El Salvador 10–1 in 1982? Hungary
90%
C Which country hosted the 1962 World Cup? Chile
87%
J Which country has qualified for the World Cup for the first time in 2026? Jordan
85%
X Who provided the most assists during Spain’s 2010 World Cup victory? Xavi
85%
Z Which player was sent off for a headbutt in the 2006 World Cup final? Zinedine Zidane
82%
P Who is the youngest goal scorer in World Cup history? Pele
74%
M Which player scored a hat-trick in a World Cup final but still lost the match? Kylian Mbappe
72%
W Which country made its World Cup debut in 1958 and did not participate again until 2022? Wales
72%
D Who won the World Cup as a player and then 20 years later as a coach? Didier Deschamps
69%
Y Which player was named the best goalkeeper of the tournament in two consecutive World Cups? Lev Yashin
69%
K Who holds the record for the most goals (16) in World Cup history? Miroslav Klose
69%
F Who scored the most goals in a single World Cup (13) ? Just Fontaine
64%
V Which player is known for his legendary flying header in the 5–1 victory over the defending champions Spain at the 2014 World Cup in Brazil? Robin Van Persie
62%
O Which goalkeeper has appeared in the most World Cups (5) alongside Gianluigi Buffon and is known for his outstanding performance at the 2014 World Cup in Brazil? Guillermo Ochoa
49%
L Which goalkeeper has played the most matches in World Cup history? Hugo Lloris
36%
T Who scored against England at the 2022 World Cup in Qatar, netting the latest goal in regular time (90+13) ? Mehdi Taremi
31%
No matching quizzes found
Score Distribution
Percent of People with Each Score
Percentile by Number Answered
Your Score History
You have not taken this quiz